Ruskin, el apasionado / (Record no. 182375)

MARC details
000 -LEADER
campo de control de longitud fija 00637nam a2200169 i 4500
001 - NÚMERO DE CONTROL
campo de control 182375
003 - IDENTIFICADOR DE NÚMERO DE CONTROL
campo de control ES-MaACL
005 - FECHA Y HORA DE LA ÚLTIMA TRANSACCIÓN
campo de control 20240514145559.0
008 - DATOS DE LONGITUD FIJA--INFORMACIÓN GENERAL
campo de control de longitud fija 130807q19001950sp |||| | spa d
100 1# - ENTRADA PRINCIPAL--NOMBRE DE PERSONA
Nombre de persona Gómez de la Serna, Ramón,
Fechas asociadas al nombre 1888-1963
9 (RLIN) 57901
245 10 - MENCIÓN DEL TÍTULO
Título Ruskin, el apasionado /
Mención de responsabilidad, etc. por Ramón Gómez de la Serna.
260 ## - PUBLICACIÓN, DISTRIBUCIÓN, ETC.
Lugar de publicación, distribución, etc. Valencia :
Nombre del editor, distribuidor, etc. F. Sempere,
Fecha de publicación, distribución, etc. [19-?]
300 ## - DESCRIPCIÓN FÍSICA
Extensión 109 p., [1] h. de lám. ;
Dimensiones 19 cm.
600 04 - PUNTO DE ACCESO ADICIONAL DE MATERIA--NOMBRE DE PERSONA
Nombre de persona Ruskin, John,
Fechas asociadas al nombre 1819-1900
Subdivisión general Crítica e interpretación
9 (RLIN) 101027
852 ## - LOCALIZACIÓN
Ubicación ES-MaACL
Número de control de estantería 2320-F-7
Nota libre .- Donat. herederos de la bibl. de Mª del Pilar Costa Enciso
Holdings
Estatus retirado Estado de pérdida Estado de daño No para préstamo Colección Biblioteca de origen Biblioteca actual Ubicación en estantería Fecha de adquisición Fuente de adquisición Total de préstamos Signatura topográfica completa Código de barras Visto por última vez Precio de reemplazo Tipo de ítem Koha
        Colección de folletos Biblioteca del Ateneo de Madrid Biblioteca del Ateneo de Madrid Depósito folletos 07/08/2013     2320-F-7 1191653 23/02/2023 23/02/2023 Folleto